00465nam a2200169Ia 4500008004100000020002900041040001900070041001200089082002800101100002600129245003700155250001300192260003100205300001700236650002100253850002100274140110s9999 xx 000 0 und d a9788175220478cRs.400.00 aLoreto College aEnglish a891.44/TAGbLCBED/14932 aTagore, Rabindra Nath aSanchayitacRabindra Nath Tagore a10th ed. aKolkatabBiswabhartic2011 a916p.c21cm. aBengali language aLCBED/891.44/TAG